| 000 | 00324nam a2200109Ia 4500 | ||
|---|---|---|---|
| 008 | 171205s9999 xx 000 0 und d | ||
| 020 | _a9781446294260 | ||
| 100 | _aSwain, Jon. | ||
| 245 |
_cJon Swain _aDesigning Research in Education Concepts and Methodologies |
||
| 260 |
_bSAGE Publications Ltd _c2017 |
||
| 300 | _a259 pages | ||
| 999 |
_c347432 _d347432 |
||